000 00464nam a22001817a 4500
005 20260225163316.0
008 260225b |||||||| |||| 00| 0 eng d
020 _a9789373025353
_c695.00
040 _aMAIN
041 _aEnglish
082 _a539.7
_bLAH
100 _aLahiri, Jyotirmay
_926409
245 _aWhites Introduction to Atomic Spectra
260 _aNew Delhi
_bMedtech Science Press
_c2026
300 _a457
650 _aPhysics
942 _cBK
999 _c60453
_d60453